000 00803nab a2200241 u 4500
001 14199
003 HDC
007 cr bn ---aaaaa
008 210214c xx dr|noo 0 a eng d
040 _aHDC
245 0 _aMalaysia Seizes Pig-Hair Brushes After Muslims Complain
260 _a[No place] :
_b[publisher not identified],
_c[no date]
336 _atext
_2rdacontent
337 _acomputer
_2rdamedia
338 _aonline resource
_2rdacarrier
650 _aHalal food industry
_zMalaysia
_9218
650 _aIslamic law
_9590
710 _a365 News
856 _zRequest full-text at [email protected]
942 _2lcc
942 _cNEWS
942 _kNWSO 001861
999 _c11515
_d11515